| 000 | 00945nmm a2200313 a 4500 | ||
|---|---|---|---|
| 003 | AR-BaBNM | ||
| 005 | 20251128211637.0 | ||
| 008 | 065020s2004 ||||||||||||||000 | spa|| | ||
| 020 | _a987-1142-34-X | ||
| 040 | _cAR-BaBNM | ||
| 100 | 1 | _aVargas Fonseca, Josefina S. | |
| 245 | 1 | 0 |
_aTrazos para la gestión directiva en la Escuela Secundaria _bproblemas paradigmáticos y propuestas superadoras |
| 250 | _a1º ed. | ||
| 260 |
_aCórdoba _bEditorial Brujas _c2004 |
||
| 300 | 0 | _a179 p. | |
| 500 | 0 | _aContiene dedicatoria de la autora | |
| 500 | 0 | _aLa autoría ha sido tomada de la tapa | |
| 651 | 4 | _aArgentina | |
| 653 | _aGESTION EDUCATIVA | ||
| 653 | _aGESTION INSTITUCIONAL | ||
| 653 | _aDIRECTORES DE ESCUELA | ||
| 653 | _aEDUCACION SECUNDARIA | ||
| 653 | _aPROYECTO EDUCATIVO INSTITUCIONAL | ||
| 653 | _aNIVEL MEDIO | ||
| 700 | 1 | _aLondero, Laura | |
| 700 | 1 | _aLagos, Mónica | |
| 942 | _cBK | ||
| 998 | _cmaria eugenia | ||
| 999 |
_c20566 _d20566 |
||